000 00523nam a2200193Ia 4500
008 101110s9999 xx 000 0 und d
041 _aENGLISH
082 _bSR20633
100 _aPatkar M.G.
245 _aAccountancy and Financial Management - S.Y.B.Com.
365 _b65
520 _aCommerce
546 _aENGLISH
630 _aAccountancy and Financial Management - S.Y.B.Com.
650 _aCommerce
655 _aCommerce
730 _aAccountancy and Financial Management - S.Y.B.Com.
942 _cBOOK
999 _c813668
_d813665